LEADER 01312nam a2200277 u 4500 001 000000104760 003 CaOOAMICUS 005 20070427143839.0 008 070427s2006 gw u001 u ger u 020 $a3-16-149129-7 040 $aPUL$bita$dLDB 100 1 $aBrändl, Martin,$d1960-$0(OLS)http://pul/name/64361 245 14$aDer Agon bei Paulus :$bHerkunft und Profil paulinischer Agonmetaphorik /$cMartin Brändl. 260 $aTübingen :$bMohr Siebeck,$cc2006. 300 $axiii,523 p. ;$c24 cm 490 1 $aWissenschaftliche Untersuchungen zum Neuen Testament.$aReihe 2 ;$v222 500 $aIndici: p. [457]-523. 504 $aBibliografia: p. [423]-455. 630 04$aBiblia.$pN.T.$pPauli epistolae$xCritica e interpretazione.$0(OLS)http://pul/subject/36488 830 0$aWissenschaftliche Untersuchungen zum Neuen Testament.$nReihe 2 ;$v222.$0(OLS)http://pul/title/264 850 $aPUL 852 $aPUL$W1$xSL Religione 1$y3$m16 I 222$j117325$qStampati$B117280$CPULBib$Z2$F117280 $H103677 $82 941 1 $a8 996 $6020$a3-16-149129-7$9(OLS)http://pul/number/134140 996 $6245$aDer Agon bei Paulus :$bHerkunft und Profil paulinischer Agonmetaphorik$9(OLS)http://pul/title/131764 996 $6260$aTübingen :$bMohr Siebeck$9(OLS)http://pul/publisher/52004 LEADER 01548nam a2200373 a 4500 001 000000173836 003 CaOOAMICUS 005 20201013172744.0 008 201013s2020 vc u000 u ita r 020 $a978-88-465-1273-4* 032 $aLibriCat 040 $aPUL$bita 041 1 $afre$hrus 084 $a232 100 1 $aBulgakov, Sergei? Nikolaevic,$d1871-1944.$0(OLS)http://pul/name/36027 240 10$aChristos v mire.$lItaliano.$0(OLS)http://pul/title/215056 245 10$aCristo nel mondo /$cSergej N. Boulgakov ; [trduzione a cura di Giovanni Guaita]. 260 $aCittà del Vaticano :$bLateran University Press,$cc2020. 300 $a113 p. ;$c21 cm. 490 1 $aVivae voces ;$v51 500 $aPrefazione di Lubomir Zak. 504 $aBibliografia in nota. 650 04$aCristologia$ysec. XX.$0(OLS)http://pul/subject/46312 700 1 $aGuaita, Giovanni,$d1962-$0(OLS)http://pul/name/53019 700 1 $aZak, Lubomír,$d1964-$0(OLS)http://pul/name/32062 830 0$aVivae voces ;$v51.$0(OLS)http://pul/title/165512 850 $aPUL 852 $aPUL$W1$xSL Religione 3$y85$m230 COLL 7.51$j197933$qDDC 21$B202646$CPULBib$Z2$F202646 $H134400 $82 941 1 $a9 996 $6020$a978-88-465-1273-4*$9(OLS)http://pul/number/167726 996 $6084$a232$9(OLS)http://pul/classification/3299 996 $6245$aCristo nel mondo$9(OLS)http://pul/title/114202 996 $6260$aCittà del Vaticano :$bLateran University Press$9(OLS)http://pul/publisher/74585